Тезисы всесоюзной научной конференции "Актуальные вопросы физиологии и патологии сна", Москва, 12 - 13 дек. 1985 г. / (Record no. 211131)
[ view plain ]
| 000 -LEADER | |
|---|---|
| fixed length control field | 01366nam a2200241 u 4500 |
| 001 - CONTROL NUMBER | |
| control field | 000620164 |
| 003 - CONTROL NUMBER IDENTIFIER | |
| control field | AM-YeHGA |
| 005 - DATE AND TIME OF LATEST TRANSACTION | |
| control field | 20250617140004.0 |
| 008 - FIXED-LENGTH DATA ELEMENTS--GENERAL INFORMATION | |
| fixed length control field | 081215s1985 ||||||||r|||||000|0|rus|d |
| 040 ## - CATALOGING SOURCE | |
| Original cataloging agency | AM-YeHGA |
| 041 0# - LANGUAGE CODE | |
| Language code of text/sound track or separate title | rus |
| 090 ## - LOCALLY ASSIGNED LC-TYPE CALL NUMBER (OCLC); LOCAL CALL NUMBER (RLIN) | |
| -- | 212640 |
| 111 2# - MAIN ENTRY--MEETING NAME | |
| Meeting name or jurisdiction name as entry element | "Актуальные вопросы физиологии и патологии сна", всесоюзная научная конференция |
| Date of meeting or treaty signing | (1985 ; |
| Location of meeting | Москва) |
| 245 10 - TITLE STATEMENT | |
| Title | Тезисы всесоюзной научной конференции "Актуальные вопросы физиологии и патологии сна", Москва, 12 - 13 дек. 1985 г. / |
| Statement of responsibility, etc. | Редкол.: А.М. Вейн (отв. ред.) и др. ; I Московский медицинский институт им. И.М. Сеченова. |
| 260 ## - PUBLICATION, DISTRIBUTION, ETC. | |
| Place of publication, distribution, etc. | Москва : |
| Name of publisher, distributor, etc. | [Б. и.], |
| Date of publication, distribution, etc. | 1985. |
| 300 ## - PHYSICAL DESCRIPTION | |
| Extent | 206 с. ; |
| Dimensions | 22 см. |
| 504 ## - BIBLIOGRAPHY, ETC. NOTE | |
| Bibliography, etc. note | Список лит. в конце ст. |
| 650 14 - SUBJECT ADDED ENTRY--TOPICAL TERM | |
| Topical term or geographic name entry element | Конференции |
| 650 14 - SUBJECT ADDED ENTRY--TOPICAL TERM | |
| Topical term or geographic name entry element | Сон |
| General subdivision | Физиология |
| -- | Патофизиология |
| 650 14 - SUBJECT ADDED ENTRY--TOPICAL TERM | |
| Topical term or geographic name entry element | Сна внутренних механизмов расстройства |
| General subdivision | Диагноз |
| 700 1# - ADDED ENTRY--PERSONAL NAME | |
| Personal name | Вейн, Александр Моисеевич |
| Relator term | ред. |
| Relationship | edt |
| 710 2# - ADDED ENTRY--CORPORATE NAME | |
| Corporate name or jurisdiction name as entry element | Московский медицинский институт, I-й, им. И.М. Сеченова |
| Withdrawn status | Lost status | Damaged status | Not for loan | Collection | Home library | Current library | Date acquired | Total checkouts | Full call number | Barcode | Date last seen | Price effective from | Koha item type | Public note |
|---|---|---|---|---|---|---|---|---|---|---|---|---|---|---|
| General | Fundamental Scientific Library | Fundamental Scientific Library | 29/12/2016 | PII/549041 | FL0140930 | 29/12/2016 | 29/12/2016 | Գրքեր / Books | 30 Days Loan |
ՀՀ Գիտությունների ազգային ակադեմիայի հիմնարար գիտական գրադարան = Fundamental Scientific Library of NAS RA
All site content, except where otherwise noted, is licensed under a